Belgium EURO 2021 Squad - Statistics

General Stats
  • This quiz has been taken 56 times
  • The average score is 19 of 26
Answer Stats
Hint Answer % Correct
FW Eden Hazard
100%
FW Romelu Lukaku
100%
GK Thibaut Courtois
100%
FW Thorgan Hazard
100%
MF Kevin De Bruyne
98%
DF Jan Vertonghen
95%
MF Axel Witsel
90%
FW Michy Batshuayi
86%
DF Toby Alderweireld
86%
GK Simon Mignolet
83%
DF Thomas Meunier
83%
MF Youri Tielemans
83%
FW Dries Mertens
76%
DF Jason Denayer
74%
MF Yannick Ferreira Carrasco
74%
DF Thomas Vermaelen
71%
DF Dedryck Boyata
67%
DF Timothy Castagne
67%
MF Nacer Chadli
62%
FW Christian Benteke
57%
FW Jeremy Doku
57%
GK Matz Sels
52%
MF Leander Dendoncker
50%
MF Hans Vanaken
48%
FW Leandro Trossard
45%
MF Dennis Praet
43%
No matching quizzes found
Score Distribution
Percent of People with Each Score
Percentile by Number Answered
Your Score History
You have not taken this quiz